000 00575nam a2200205Ia 4500
005 20250923145142.0
008 008 250917s9999 xx 000 0 eng d
037 _aTextual
040 _aDSWL
_beng
_cDSWL
041 _aeng
_2eng
084 _qDSWL
100 _aShrivastva, R.S.
_9832293
245 0 _aAgricultural Labour in Eastern District of Uttar Prade
_cby R.S. Shrivastva
260 _aVaranasi
_bKa Vidapith Varanasi-2
_c1966
300 _a291p.
365 _aINR
_b15.00
925 _g15.00
942 _cTEXL
999 _c1447792
_d1447792